000 00292nam a22001337a 4500
008 190226b xxu||||| |||| 00| 0 eng d
020 _a9781560323235
041 _aeng
080 _22nd
_a910
100 _a42
101 _aGJEO
245 _aThird World Atlas
_cThomas, A
942 _2udc
_cBK
999 _c54291
_d54291